Sports Quiz

Random Sports or Football Quiz

Current SEC Football Head Coaches Quiz Stats

 Plays Quiz not verified by Sporcle

Challenge
Share
Tweet
Embed
Score 0/12 Timer 05:00
0 Plays Today
Team Coach % Correct
South CarolinaSteve Spurrier
92.3%
AlabamaNick Saban
92.3%
GeorgiaMark Richt
86.2%
Louisiana StateLes Miles
86.2%
FloridaWill Muschamp
84.6%
AuburnGene Chizik
80%
ArkansasBobby Petrino
80%
MississippiHouston Nutt
78.5%
TennesseeDerek Dooley
76.9%
Mississippi StateDan Mullen
58.5%
KentuckyJoker Phillips
50.8%
VanderbiltJames Franklin
35.4%

You're not logged in!

Compare scores with friends on all Sporcle quizzes.
OR
Log In

You Might Also Like...

Show Comments

Extras

Top Quizzes Today


Score Distribution

Your Account Isn't Verified!

In order to create a playlist on Sporcle, you need to verify the email address you used during registration. Go to your Sporcle Settings to finish the process.

Report this User

Report this user for behavior that violates our Community Guidelines.

Details: